| 000 | 00963nam a22002177a 4500 | ||
|---|---|---|---|
| 005 | 20240530110610.0 | ||
| 008 | 160730s2014 ua a g b 00| 0 ara d | ||
| 017 |
_a2013/16883 _bمصر. دار الكتب الوطنية |
||
| 020 | _a979773832836 | ||
| 040 | _aEG-CaGPL | ||
| 082 | 0 | 4 |
_a303.372\ _bا ق _221 |
| 100 | 0 | _aايمن على طه حسن | |
| 245 | 1 | 2 |
_aالقنوات الفضائية ونسق القيم في المجتمع المحلى : _bدراسة ميدانية على عينة من مشاهدي القنوات الفضائية بمدينة بني سويف / _cاعداد ايمن على طه حسن. |
| 250 | _aط. 1. | ||
| 260 |
_aالقاهرة : _bايتراك للطباعة والنشر والتوزيع، _c2014. |
||
| 300 |
_a279 ص. : _bجداول ؛ _c24 سم. |
||
| 504 | _aببليوجرافية : ص. 263-275 | ||
| 650 | 4 | _aالقنوات الفضائية | |
| 942 |
_2ddc _cBK |
||
| 999 |
_c62850 _d62850 |
||